|
|
|
|
| LEADER |
00000cam a2200000 4500 |
| 001 |
vtls012249349 |
| 003 |
SK-MaSNL |
| 005 |
20260301032850.0 |
| 008 |
240131s2023 sz odalf n 101 0 eng |
| 015 |
|
|
|a SNBZSA2024/05
|
| 020 |
|
|
|a 9783031297991
|q (brožované)
|
| 020 |
|
|
|a 9783031298004
|q (eBook)
|
| 040 |
|
|
|a SNK
|b slo
|c SNK
|e rda
|
| 041 |
0 |
|
|a eng
|
| 044 |
|
|
|a sz
|c CH
|
| 072 |
|
7 |
|a 004
|x Počítačová veda. Výpočtová technika. Informačné technológie
|2 konspekt
|
| 072 |
|
7 |
|a 37.09
|x Organizácia výučby a vzdelávanie.
|2 konspekt
|
| 080 |
|
|
|a 37.091.3:004
|2 2011
|
| 080 |
|
|
|a 004.8
|2 2011
|
| 080 |
|
|
|a 004.5
|2 2011
|
| 080 |
|
|
|a (062.534)
|2 2011
|
| 111 |
2 |
|
|a Higher Education Learning Methodologies and Technologies Online
|n (4th :
|d 2022 :
|c Palermo, Italy)
|4 aut
|9 330932
|
| 245 |
0 |
0 |
|a Higher education learning methodologies and technologies online
|b 4th International Conference, HELMeTO 2022, Palermo, Italy, September 21-23, 2022 : revised selected papers
|c Giovanni Fulantelli, Daniel Burgos, Gabriella Casalino, Marta Cimitile, Giosuè Lo Bosco, Davide Taibi, editors
|
| 264 |
|
1 |
|a Cham
|b Springer
|c [2023]
|
| 264 |
|
4 |
|c ©2023
|
| 300 |
|
|
|a xxi, 809 strán
|b čiernobiele fotografie, grafy, schémy, tabuľky
|c 24 cm
|
| 336 |
|
|
|a text
|b txt
|2 rdacontent
|
| 337 |
|
|
|a bez média
|b n
|2 rdamedia
|
| 338 |
|
|
|a zväzok
|b nc
|2 rdacarrier
|
| 490 |
1 |
|
|a Communications in computer and information science
|v Volume 1779
|
| 500 |
|
|
|a Obsahuje poznámky pod čiarou a profesijné pôsobenie editorov
|
| 504 |
|
|
|a Obsahuje bibliografiu za jednotlivými príspevkami a menný register
|
| 650 |
0 |
7 |
|a e-learning
|2 SNKPH
|9 28660
|
| 650 |
0 |
7 |
|a umelá inteligencia
|2 SNKPH
|9 1830
|
| 650 |
0 |
7 |
|a interakcia človek-počítač
|2 SNKPH
|9 1909
|
| 650 |
0 |
7 |
|a e-learning
|2 SNKPHeng
|9 28660
|
| 650 |
0 |
7 |
|a Artificial intelligence
|2 SNKPHeng
|9 267376
|
| 650 |
0 |
7 |
|a Man-machine interface
|2 SNKPHeng
|9 330933
|
| 650 |
0 |
7 |
|a vysokoškolské vzdelávanie
|2 SNKPH
|9 71314
|
| 650 |
0 |
7 |
|a User interfaces
|2 SNKPHeng
|9 330934
|
| 650 |
0 |
7 |
|a používateľské rozhrania
|2 SNKPH
|9 1908
|
| 655 |
|
7 |
|a zborníky konferencií
|2 SNKPH
|9 70153
|
| 655 |
|
7 |
|a Proceedings of conferences
|2 SNKPHeng
|9 265791
|
| 700 |
1 |
|
|a Burgos, Daniel,
|d 1970-
|4 edt
|9 330935
|
| 700 |
1 |
|
|a Casalino, Gabriella
|4 edt
|4 aut
|9 330936
|
| 700 |
1 |
|
|a Cimitile, Marta
|4 edt
|4 aut
|9 330937
|
| 700 |
1 |
|
|a Lo Bosco, Giosuè
|4 edt
|9 330938
|
| 700 |
1 |
|
|a Taibi, Davide
|4 edt
|4 aut
|9 330939
|
| 700 |
1 |
|
|a Fulantelli, Giovanni
|4 edt
|4 aut
|9 330940
|
| 830 |
|
0 |
|a Communications in computer and information science
|9 330941
|
| 852 |
|
|
|a Slovenská národná knižnica
|
| 919 |
|
|
|a 978-3-031-29799-1
|
| 919 |
|
|
|a 978-3-031-29800-4
|
| 954 |
|
|
|a odborná, vedecká literatúra cudzojazyčná (svetová)
|2 lita
|
| 954 |
|
|
|a odborná, vedecká literatúra pôvodná (slovenská)
|2 lita
|
| 958 |
|
|
|a ZS
|
| 958 |
|
|
|a NB
|
| 999 |
|
|
|c 579106
|d 581036
|
| 952 |
|
|
|a SNK
|b SNK
|y PREZ
|7 0
|p 17A1544002
|o snkSC 206868
|i snk2024/9132
|8 4
|g 109.99
|0 0
|1 0
|4 0
|d 2024-01-31
|l 0
|r 2025-10-30 00:00:00
|w 2026-02-23
|